000 00633nam a2200193 a 4500
001 000010416
005 20240412074218.0
008 091007s1983 dr a r 001 p spa d
040 _aDO-SdBNP
_bspa
_cBNPHU
082 _aRD861.44
_bJ27h
100 1 _aJames Rawlings, Norberto Pedro,
_d1945-
_925421
245 1 0 _aHago constar :
_bpoemas 1969-1982 /
_cNorberto Pedro James Rawlings.
260 _aSanto Domingo :
_bTaller,
_c1983.
300 _a87 p. :
_bil. ;
_c23 cm.
590 _aInventariado, 2018/BT
650 0 _aPoesía dominicana
_966
650 0 _aLiteratura dominicana.
_967
910 _aValidado. Control de calidad. MMOLINA
999 _c10175
_d10175